000 00442nam a2200181Ia 4500
001 10275
005 20260306161820.0
008 260306t1970||||xx |||||||||||||| ||spa||
041 _aESP
082 _a913.85
_bA177
100 _aCasa de la Cultura del Perú
_eAUT
245 0 _aArqueología peruana:
_bprecursores
260 _c1970
300 _a240 páginas :
_c17 cm.
650 _aGEN
654 _aCHU
942 _cLIB
_dJUS
_fJUS
_2ddc
_n
999 _c10275
_d10275